Critical perspectives on leadership (Record no. 137450)

MARC details
000 -LEADER
fixed length control field 00926nam a2200277Ia 4500
003 - CONTROL NUMBER IDENTIFIER
control field OSt
005 - DATE AND TIME OF LATEST TRANSACTION
control field 20220918171033.0
008 - FIXED-LENGTH DATA ELEMENTS--GENERAL INFORMATION
fixed length control field 220917b |||||||| |||| 00| 0 eng d
020 ## - INTERNATIONAL STANDARD BOOK NUMBER
International Standard Book Number 9781138093997 (pbk)
037 ## - SOURCE OF ACQUISITION
Terms of availability Textual
040 ## - CATALOGING SOURCE
Original cataloging agency ARTS
Transcribing agency ARTS
Language of cataloging eng
041 ## - LANGUAGE CODE
Source of code eng
Language code of text/sound track or separate title eng
100 ## - MAIN ENTRY--PERSONAL NAME
Personal name Learmonth Mark Au.
9 (RLIN) 33405
245 #0 - TITLE STATEMENT
Title Critical perspectives on leadership
Remainder of title language of corporate power
260 ## - PUBLICATION, DISTRIBUTION, ETC.
Place of publication, distribution, etc. New York
Name of publisher, distributor, etc. Routledge USA
Date of publication, distribution, etc. 2019
300 ## - PHYSICAL DESCRIPTION
Extent xiv,163p.
Dimensions cm.
490 ## - SERIES STATEMENT
Series statement Routledge studies in leadership research
650 ## - SUBJECT ADDED ENTRY--TOPICAL TERM
Topical term or geographic name entry element LEADERSHIP
700 ## - ADDED ENTRY--PERSONAL NAME
Personal name Morrell Kevin Au.
9 (RLIN) 33406
942 ## - ADDED ENTRY ELEMENTS (KOHA)
Classification part X:87, Q9
Koha item type Textual
Source of classification or shelving scheme Colon Classification (CC)
Holdings
Withdrawn status Lost status Damaged status Not for loan Home library Current library Date acquired Source of acquisition Total Checkouts Full call number Barcode Date last seen Price effective from Koha item type
        Arts Library Arts Library 2022-09-18 14175, 11/12/2019, Elite Publishers Distributors   X:87 Q9 AL1664023 2022-09-18 2022-09-18 Textual
Copyright @ Delhi University Library System